| 000 | 00332nam a2200109Ia 4500 | ||
|---|---|---|---|
| 008 | 180309s9999 xx 000 0 und d | ||
| 020 | _a877799040 | ||
| 245 | 4 |
_aThe merriam-webster dictionary of qoutations : _ba merriam-webster |
|
| 260 |
_aUSA : _b1992 _cMerriam Webster pub |
||
| 300 | _av, 501 pages | ||
| 650 | _aQuotations, English | ||
| 999 |
_c356104 _d356104 |
||